<?xml version="1.0" encoding="UTF-8"?>
<record
    xmlns:xsi="http://www.w3.org/2001/XMLSchema-instance"
    xsi:schemaLocation="http://www.loc.gov/MARC21/slim http://www.loc.gov/standards/marcxml/schema/MARC21slim.xsd"
    xmlns="http://www.loc.gov/MARC21/slim">

  <leader>01353nam a22002655a 4500</leader>
  <datafield tag="999" ind1=" " ind2=" ">
    <subfield code="c">27058</subfield>
    <subfield code="d">27030</subfield>
  </datafield>
  <controlfield tag="003">EG-ScBUE</controlfield>
  <controlfield tag="005">20190131121534.0</controlfield>
  <controlfield tag="008">190131s2015    ua     frb    000 0 ara d</controlfield>
  <datafield tag="040" ind1=" " ind2=" ">
    <subfield code="a">EG-ScBUE</subfield>
    <subfield code="b">ara</subfield>
    <subfield code="c">EG-ScBUE</subfield>
    <subfield code="d">EG-ScBUE</subfield>
  </datafield>
  <datafield tag="043" ind1=" " ind2=" ">
    <subfield code="a">f-ua---</subfield>
  </datafield>
  <datafield tag="082" ind1="0" ind2="4">
    <subfield code="a">343.6203</subfield>
    <subfield code="b">&#x639; &#x628; &#x62F;</subfield>
    <subfield code="2">22</subfield>
  </datafield>
  <datafield tag="100" ind1="1" ind2=" ">
    <subfield code="a">&#x639;&#x628;&#x62F; &#x627;&#x644;&#x645;&#x637;&#x644;&#x628;&#x60C; &#x625;&#x64A;&#x647;&#x627;&#x628;.</subfield>
  </datafield>
  <datafield tag="245" ind1="1" ind2="2">
    <subfield code="a">&#x627;&#x644;&#x62F;&#x641;&#x648;&#x639; &#x641;&#x64A; &#x62C;&#x631;&#x627;&#x626;&#x645; &#x627;&#x644;&#x623;&#x645;&#x648;&#x627;&#x644; &#x627;&#x644;&#x639;&#x627;&#x645;&#x629; /</subfield>
    <subfield code="c">&#x625;&#x64A;&#x647;&#x627;&#x628; &#x639;&#x628;&#x62F; &#x627;&#x644;&#x645;&#x637;&#x644;&#x628;.</subfield>
  </datafield>
  <datafield tag="250" ind1=" " ind2=" ">
    <subfield code="a">&#x637;. 3.</subfield>
  </datafield>
  <datafield tag="260" ind1=" " ind2=" ">
    <subfield code="a">[&#x627;&#x644;&#x642;&#x627;&#x647;&#x631;&#x629;] :</subfield>
    <subfield code="b">&#x646;&#x627;&#x62F;&#x64A; &#x627;&#x644;&#x642;&#x636;&#x627;&#x629;&#x60C;</subfield>
    <subfield code="c">2015.</subfield>
  </datafield>
  <datafield tag="300" ind1=" " ind2=" ">
    <subfield code="a">478 &#x635;. &#x61B;</subfield>
    <subfield code="c">24 &#x633;&#x645;.</subfield>
  </datafield>
  <datafield tag="505" ind1="0" ind2=" ">
    <subfield code="a">&#x625;&#x62E;&#x62A;&#x644;&#x627;&#x633; &#x627;&#x644;&#x645;&#x627;&#x644; &#x627;&#x644;&#x639;&#x627;&#x645; - &#x627;&#x644;&#x627;&#x633;&#x62A;&#x64A;&#x644;&#x627;&#x621; &#x639;&#x644;&#x649; &#x627;&#x644;&#x645;&#x627;&#x644; &#x627;&#x644;&#x639;&#x627;&#x645; - &#x627;&#x644;&#x631;&#x634;&#x648;&#x629; - &#x627;&#x644;&#x62A;&#x631;&#x628;&#x62D; - &#x627;&#x644;&#x63A;&#x62F;&#x631; - &#x627;&#x644;&#x625;&#x636;&#x631;&#x627;&#x631; &#x627;&#x644;&#x639;&#x645;&#x62F;&#x64A; &#x628;&#x627;&#x644;&#x645;&#x627;&#x644; &#x627;&#x644;&#x639;&#x627;&#x645; - &#x627;&#x644;&#x625;&#x636;&#x631;&#x627;&#x631; &#x63A;&#x64A;&#x631; &#x627;&#x644;&#x639;&#x645;&#x62F;&#x64A; &#x628;&#x627;&#x644;&#x645;&#x627;&#x644; &#x627;&#x644;&#x639;&#x627;&#x645; - &#x62A;&#x642;&#x644;&#x64A;&#x62F; &#x648;&#x62A;&#x632;&#x64A;&#x64A;&#x641; &#x627;&#x644;&#x639;&#x645;&#x644;&#x629; - &#x627;&#x644;&#x62A;&#x632;&#x648;&#x64A;&#x631; &#x641;&#x64A; &#x627;&#x644;&#x645;&#x62D;&#x631;&#x631;&#x627;&#x62A; - &#x627;&#x644;&#x63A;&#x634; &#x641;&#x64A; &#x639;&#x642;&#x648;&#x62F; &#x627;&#x644;&#x645;&#x642;&#x627;&#x648;&#x644;&#x627;&#x62A; - &#x648;&#x62C;&#x646;&#x627;&#x64A;&#x627;&#x62A; &#x623;&#x62E;&#x631;&#x649;.</subfield>
  </datafield>
  <datafield tag="541" ind1=" " ind2=" ">
    <subfield code="a">&#x62F;. &#x623;&#x62D;&#x645;&#x62F; &#x62D;&#x645;&#x62F; &#x61B;</subfield>
    <subfield code="c">&#x625;&#x647;&#x62F;&#x627;&#x621; &#x61B;</subfield>
  </datafield>
  <datafield tag="650" ind1=" " ind2="7">
    <subfield code="a">&#x62C;&#x631;&#x627;&#x626;&#x645; &#x627;&#x644;&#x623;&#x645;&#x648;&#x627;&#x644;</subfield>
    <subfield code="x">&#x642;&#x648;&#x627;&#x646;&#x64A;&#x646; &#x648;&#x62A;&#x634;&#x631;&#x64A;&#x639;&#x627;&#x62A;</subfield>
    <subfield code="z">&#x645;&#x635;&#x631;.</subfield>
    <subfield code="2">BUEsh</subfield>
    <subfield code="9">10938</subfield>
  </datafield>
  <datafield tag="650" ind1=" " ind2="7">
    <subfield code="a">&#x627;&#x644;&#x631;&#x634;&#x648;&#x629;</subfield>
    <subfield code="x">&#x642;&#x648;&#x627;&#x646;&#x64A;&#x646; &#x648;&#x62A;&#x634;&#x631;&#x64A;&#x639;&#x627;&#x62A;</subfield>
    <subfield code="z">&#x645;&#x635;&#x631;.</subfield>
    <subfield code="2">BUEsh</subfield>
  </datafield>
  <datafield tag="650" ind1=" " ind2="7">
    <subfield code="a">&#x627;&#x644;&#x62A;&#x632;&#x648;&#x64A;&#x631;</subfield>
    <subfield code="x">&#x642;&#x648;&#x627;&#x646;&#x64A;&#x646; &#x648;&#x62A;&#x634;&#x631;&#x64A;&#x639;&#x627;&#x62A;</subfield>
    <subfield code="z">&#x645;&#x635;&#x631;.</subfield>
    <subfield code="2">BUEsh</subfield>
  </datafield>
  <datafield tag="651" ind1=" " ind2=" ">
    <subfield code="2">BUEsh</subfield>
  </datafield>
  <datafield tag="653" ind1=" " ind2=" ">
    <subfield code="b">LLAAWW</subfield>
    <subfield code="c">January2019</subfield>
  </datafield>
  <datafield tag="942" ind1=" " ind2=" ">
    <subfield code="2">ddc</subfield>
  </datafield>
  <datafield tag="952" ind1=" " ind2=" ">
    <subfield code="0">0</subfield>
    <subfield code="1">0</subfield>
    <subfield code="2">ddc</subfield>
    <subfield code="4">0</subfield>
    <subfield code="7">0</subfield>
    <subfield code="8">Donation-G</subfield>
    <subfield code="a">MAIN</subfield>
    <subfield code="b">MAIN</subfield>
    <subfield code="c">1ST</subfield>
    <subfield code="d">2019-01-31</subfield>
    <subfield code="e">Donation</subfield>
    <subfield code="o">343.6203 &#x639; &#x628; &#x62F;</subfield>
    <subfield code="p">000044135</subfield>
    <subfield code="r">2025-07-15 00:00:00</subfield>
    <subfield code="s">2022-12-04</subfield>
    <subfield code="x">&#x625;&#x647;&#x62F;&#x627;&#x621; &#x645;&#x646; &#x62F;. &#x623;&#x62D;&#x645;&#x62F; &#x62D;&#x645;&#x62F;</subfield>
    <subfield code="y">BB</subfield>
  </datafield>
</record>
